Growth sustainability and India's economic reforms (Record no. 165358)

MARC details
000 -LEADER
fixed length control field 00645nam a2200229Ia 4500
003 - CONTROL NUMBER IDENTIFIER
control field OSt
005 - DATE AND TIME OF LATEST TRANSACTION
control field 20230524102931.0
008 - FIXED-LENGTH DATA ELEMENTS--GENERAL INFORMATION
fixed length control field 210423s2011 xx 000 0 und d
020 ## - INTERNATIONAL STANDARD BOOK NUMBER
International Standard Book Number 0-19-807638-X
040 ## - CATALOGING SOURCE
Transcribing agency AL
041 ## - LANGUAGE CODE
Language code of text/sound track or separate title eng
082 ## - DEWEY DECIMAL CLASSIFICATION NUMBER
Classification number 338.954 SRIG
Edition number 23
100 ## - MAIN ENTRY--PERSONAL NAME
Personal name SRINIVASAN (T N)
9 (RLIN) 111986
245 ## - TITLE STATEMENT
Title Growth sustainability and India's economic reforms
260 ## - PUBLICATION, DISTRIBUTION, ETC.
Place of publication, distribution, etc. New Delhi
Name of publisher, distributor, etc. Oxford University Press
Date of publication, distribution, etc. 2011
300 ## - PHYSICAL DESCRIPTION
Extent xix,152
Other physical details PB
365 ## - TRADE PRICE
Price amount 195
Currency code INR
650 ## - SUBJECT ADDED ENTRY--TOPICAL TERM
Topical term or geographic name entry element Economics
9 (RLIN) 111987
650 ## - SUBJECT ADDED ENTRY--TOPICAL TERM
Topical term or geographic name entry element Indian Economy
9 (RLIN) 111988
906 ## - LOCAL DATA ELEMENT F, LDF (RLIN)
a economic ; Growth ; India ; reforms ; s ; sustainability
942 ## - ADDED ENTRY ELEMENTS (KOHA)
Source of classification or shelving scheme Dewey Decimal Classification
Koha item type Book
Holdings
Withdrawn status Lost status Damaged status Not for loan Collection code Home library Current library Date acquired Source of acquisition Cost, normal purchase price Total Checkouts Full call number Barcode Date last seen Date last checked out Price effective from Koha item type
        Economics St Aloysius PG Library St Aloysius PG Library 01/20/2014 Athulya Books 195.00 1 338.954 SRIG PG011856 08/24/2022 03/23/2022 04/26/2021 Book